Estatísticas para Verificação Ortográfica

Clique aqui para jogar o quiz

Estatísticas Gerais

  • Esse quiz foi jogado 20 vezes
  • A pontuação média é 19 de 20

Estatísticas das Respostas

HintResposta% Correto
Cada vez que você toma uma decisão está transformando sua essência em auguma coisa um pouco diferente do que era antesAlguma
100%
Para que o mal triunfe, basta que os boms não façam nadaBons
100%
A vida é a arte do encontro, embora haja tanto dezencontro pela vidaDesencontro
100%
Posso não concordar com o que você dis, mas defenderei até a morte o seu direito de dizê-loDiz
100%
No finau das contas, não são os anos de sua vida que contam. É a vida em seus anosFinal
100%
Também não deve exercer um ofício, uma profissão para a qual é inconpetemteIncompetente
100%
As melhores e mais belas coisas do mumdo não podem ser vistas ou mesmo tocadas – elas devem ser sentidas com o coraçãoMundo
100%
É durante nosos momentos mais sombrios que devemos nos concentrar para ver a luzNossos
100%
Mesmo a mais forte paissão tem o seu tempo de vidaPaixão
100%
Tudo vale a pena quando a alma não é piquenaPequena
100%
Não deixe ninguém vir até você cem sair mais felizSem
100%
Fracassar é parte crucial do sucesoSucesso
100%
Diga-me e eu esqueso. Ensine-me e eu me lembro. Envolva-me e eu aprendoEsqueço
95%
Envelheser é um processo extraordinário em que você se torna a pessoa que você sempre deveria ter sidoEnvelhecer
90%
Você tem cérebro em sua cabeça. Você tem pés em seus sapatos. Você pode se orientar em quauquer direção que escolherQualquer
90%
No dia do casamento, ela tirou o salto e correu por nove kilômetros para escapar.Quilômetros
90%
A vida é uma sucessão de lições que devam ser vividas para serem compreendidasDevem
85%
Conhecimento próprio não é garantia de felicidade, mais isso está ao lado da felicidade e pode fornecer a coragem para lutar por elaMas
80%
Muitos dos fracassos da vida são pessoas que não perceberão o quão perto estavam do sucesso quando desistiramPerceberam
80%
Não vá aonde o caminho pode levar, vá onde não á caminho e deixe uma trilha
75%

Distribuição das Pontuações

Percentil de Números Respondidos

Porcentagem de Pessoas com Cada Pontuação

Sua Pontuação Histórica

Você não jogou esse quiz